000 00829nam a22002897a 4500
003 CHAP
005 20220329140427.0
008 971013s1959 r 00010 d
010 _a51802
011 _a52774
035 _a56924
040 _cCHAP
082 _a574.929
_bW37 1959
100 0 0 _aWard, Henry Baldwin.
_9121044
245 _aFreshwater biology
250 _a2 ed.
260 _aNew York :
_bWiley,
_c1959
300 _a1248 p.
_b: ilus.
590 _aBATCH-UPD
_b10
_c20130110
_lUCH01
_h0822
590 _aBATCH-UPD
_b10
_c20130410
_lUCH01
_h0500
590 _aCONVERSION
_b10
_c20130109
_lUCH01
_h1328
650 1 4 _aAgua dulce
_xBiologia.
_92423
700 0 _aWhipple, George Chandler.
_9121660
901 _aBK
942 _cLIBRO
949 _a574.929 W37 1959
_bBC
_cLIBRO
_d33724000476388
_eLIBRO
_h8411
_i56924
_si
999 _c51802
_d51802